[Event "Bosnjaci op 28th"]
[Site "Bosnjaci"]
[Date "2024.01.08"]
[Round "8"]
[White "Petricevic, Mateo"]
[Black "Starcevic, Ante Leon"]
[Result "1/2-1/2"]
[WhiteElo "2019"]
[BlackElo "2209"]
[PlyCount "37"]
[EventDate "2024.01.03"]
[EventType "swiss"]
[EventRounds "9"]
[EventCountry "CRO"]
[SourceTitle "CB02_2024"]
[SourceDate "2024.01.10"]
[SourceVersion "1"]
[SourceVersionDate "2024.01.10"]
[SourceQuality "1"]

1. Nf3 Nf6 2. g3 g6 3. Bg2 Bg7 4. 0-0 0-0 5. d4 d5 6. c4 c6 7. Nc3 Ne4 8. Bf4 Nxc3 9. bxc3 b6 10. cxd5 cxd5 11. Ne5 Ba6 12. Re1 Re8 13. Qa4 e6 14. Nxf7 Kxf7 15. Bxb8 Qc8 16. Bf4 Qc4 17. Qxc4 Bxc4 18. e4 Rac8 19. exd5 1/2-1/2

[Event "Bosnjaci op 28th"]
[Site "Bosnjaci"]
[Date "2024.01.06"]
[Round "6"]
[White "Zovko, Mario1"]
[Black "Petricevic, Mateo"]
[Result "1-0"]
[WhiteElo "2268"]
[BlackElo "2019"]
[PlyCount "123"]
[EventDate "2024.01.03"]
[EventType "swiss"]
[EventRounds "9"]
[EventCountry "CRO"]
[SourceTitle "CB02_2024"]
[SourceDate "2024.01.10"]
[SourceVersion "1"]
[SourceVersionDate "2024.01.10"]
[SourceQuality "1"]

1. d4 d5 2. c4 e6 3. Nc3 c5 4. cxd5 cxd4 5. Qa4+ Bd7 6. Qxd4 exd5 7. Qxd5 Nf6 8. Qd1 Nc6 9. Nf3 Bc5 10. a3 h6 11. e3 Qe7 12. Be2 g5 13. b4 Bd6 14. Nb5 Bb8 15. Bb2 a6 16. Nbd4 g4 17. Nxc6 Bxc6 18. Qd4 gxf3 19. Bxf3 Bxf3 20. gxf3 Rg8 21. Qxf6 Qxf6 22. Bxf6 Rg6 23. Bd4 Bd6 24. Ke2 a5 25. Bc3 Rc8 26. Rac1 h5 27. Bd2 Rxc1 28. Rxc1 Rg2 29. Rh1 axb4 30. axb4 Rxh2 31. Rxh2 Bxh2 32. f4 h4 33. Kf3 h3 34. Kg4 Bg1 35. Kxh3 Bxf2 36. Kg4 Ke7 37. e4 Bd4 38. Kf5 Bb2 39. e5 Bd4 40. Ke4 Bf2 41. Kd5 Kd7 42. Bc3 Bh4 43. Bd4 Be7 44. Bc5 Bh4 45. Ke4 Ke6 46. f5+ Kd7 47. b5 Bg5 48. Kf3 Bd2 49. Bd4 Bc1 50. Ke4 Bd2 51. Bc5 Be1 52. e6+ fxe6 53. f6 Bh4 54. f7 Be7 55. f8Q Bxf8 56. Bxf8 Kc7 57. Bc5 Kb8 58. Ke5 Ka8 59. Kxe6 Kb8 60. Kd7 Ka8 61. Kc7 b6 62. Kxb6 1-0

[Event "Dubrovnik Advent op"]
[Site "Dubrovnik"]
[Date "2023.12.02"]
[Round "4"]
[White "Markotic, Gordan"]
[Black "Petricevic, Mateo"]
[Result "1-0"]
[WhiteElo "2227"]
[BlackElo "1997"]
[PlyCount "77"]
[EventDate "2023.12.01"]
[EventType "swiss"]
[EventRounds "6"]
[EventCountry "CRO"]
[SourceTitle "CB49_2023"]
[SourceDate "2023.12.06"]
[SourceVersion "1"]
[SourceVersionDate "2023.12.06"]
[SourceQuality "1"]

1. g3 Nf6 2. Bg2 d5 3. d3 g6 4. b4 Bg7 5. Bb2 c6 6. Nd2 Qb6 7. Rb1 Ng4 8. e3 d4 9. Bxd4 Bxd4 10. exd4 Qxd4 11. Nh3 Qe5+ 12. Qe2 Qc3 13. Qd1 Qe5+ 14. Ne4 f5 15. d4 Qe6 16. Nf4 Qc4 17. h3 Nh6 18. Nc5 b6 19. Ncd3 Qxd4 20. 0-0 0-0 21. Re1 Qf6 22. Nd5 cxd5 23. Bxd5+ Nf7 24. Bxa8 e5 25. Bd5 Be6 26. Nf4 Bxd5 27. Nxd5 Qe6 28. c4 Nc6 29. b5 Nb8 30. Qa4 Ng5 31. Qxa7 Nf3+ 32. Kg2 Nxe1+ 33. Rxe1 Nd7 34. Qc7 Ra8 35. Qxd7 Qxd7 36. Nf6+ Kf7 37. Nxd7 e4 38. Re2 Ke6 39. Nxb6 1-0

[Event "Dubrovnik Advent op"]
[Site "Dubrovnik"]
[Date "2023.12.02"]
[Round "3"]
[White "Petricevic, Mateo"]
[Black "Begus, Drasko"]
[Result "1-0"]
[WhiteElo "1997"]
[BlackElo "2312"]
[PlyCount "71"]
[EventDate "2023.12.01"]
[EventType "swiss"]
[EventRounds "6"]
[EventCountry "CRO"]
[SourceTitle "CB49_2023"]
[SourceDate "2023.12.06"]
[SourceVersion "1"]
[SourceVersionDate "2023.12.06"]
[SourceQuality "1"]

1. d4 Nf6 2. c4 d6 3. Nc3 g6 4. e4 Bg7 5. f4 0-0 6. Nf3 c5 7. d5 e6 8. dxe6 fxe6 9. Bd3 Nc6 10. 0-0 Nd4 11. Nxd4 cxd4 12. Nb5 a6 13. Nxd4 Qb6 14. Be3 Ng4 15. Qxg4 Bxd4 16. Bf2 Qxb2 17. Rad1 Bxf2+ 18. Rxf2 Qd4 19. Bb1 e5 20. Qe2 Qc5 21. f5 Bd7 22. Qd2 Rf6 23. g4 Ba4 24. g5 Rf7 25. Qxd6 Qe3 26. Qd2 Qb6 27. Bc2 Rd7 28. Qe2 Rxd1+ 29. Bxd1 Bxd1 30. Qxd1 Rd8 31. Qb3 Qd4 32. fxg6 Rf8 33. gxh7+ Kh8 34. Qg3 Kxh7 35. Qh3+ Kg7 36. Qh6+ 1-0

[Event "Dubrovnik Advent op"]
[Site "Dubrovnik"]
[Date "2023.12.01"]
[Round "2"]
[White "Petricevic, Mateo"]
[Black "Golubovic, Boris"]
[Result "1/2-1/2"]
[WhiteElo "1997"]
[BlackElo "2356"]
[PlyCount "57"]
[EventDate "2023.12.01"]
[EventType "swiss"]
[EventRounds "6"]
[EventCountry "CRO"]
[SourceTitle "CB49_2023"]
[SourceDate "2023.12.06"]
[SourceVersion "1"]
[SourceVersionDate "2023.12.06"]
[SourceQuality "1"]

1. d4 Nf6 2. c4 e6 3. Nf3 c5 4. e3 cxd4 5. Nxd4 Bb4+ 6. Bd2 Be7 7. Bd3 Nc6 8. Bc3 Ne5 9. Be2 d6 10. Nd2 Bd7 11. 0-0 0-0 12. b3 a6 13. N2f3 Ng6 14. Rc1 Rc8 15. Bb2 h6 16. h3 Qc7 17. Re1 Rfd8 18. Bf1 Qb8 19. Bd3 Nf8 20. Bb1 b5 21. cxb5 axb5 22. b4 Nd5 23. a3 Rxc1 24. Qxc1 Rc8 25. Qd2 Nb6 26. Ba2 Nc4 27. Bxc4 Rxc4 28. Rc1 Qc7 29. Nb3 1/2-1/2

[Event "Hvar op"]
[Site "Hvar"]
[Date "2023.10.21"]
[Round "9"]
[White "Petricevic, Mateo"]
[Black "Ivancic, Ivan"]
[Result "1/2-1/2"]
[WhiteElo "1993"]
[BlackElo "1999"]
[PlyCount "82"]
[EventDate "2023.10.15"]
[EventType "swiss"]
[EventRounds "9"]
[EventCountry "CRO"]
[SourceTitle "Mega2024 Update 01"]
[Source "Chessbase"]
[SourceDate "2023.11.12"]
[SourceVersion "1"]
[SourceVersionDate "2023.11.12"]
[SourceQuality "1"]

1. d4 d5 2. c4 e6 3. Nc3 c6 4. Nf3 dxc4 5. a4 Bb4 6. e3 b5 7. Be2 a6 8. 0-0 Bb7 9. Ne5 Nd7 10. f4 Ngf6 11. g4 Nd5 12. Ne4 N7f6 13. Ng3 Qc7 14. e4 Ne7 15. g5 Nd7 16. Nxf7 Kxf7 17. f5 exf5 18. exf5 Nd5 19. Nh5 Bd6 20. Bg4 Rae8 21. Re1 Rxe1+ 22. Qxe1 Re8 23. g6+ hxg6 24. fxg6+ Kf8 25. Qh4 N7f6 26. Nxf6 Nxf6 27. Qh8+ Ng8 28. Bg5 Bxh2+ 29. Qxh2 Qxh2+ 30. Kxh2 Nf6 31. Rf1 Ke7 32. Bxf6+ gxf6 33. Re1+ Kd8 34. Re6 Rh8+ 35. Kg3 Rg8 36. Rxf6 bxa4 37. Rf7 c3 38. bxc3 a3 39. Bh5 a2 40. Rf1 Bc8 41. Ra1 Be6 1/2-1/2

[Event "Hvar Arsenal blitz op 2nd"]
[Site "Hvar"]
[Date "2023.10.19"]
[Round "4"]
[White "Petricevic, Mateo"]
[Black "Simunic, Krunoslav"]
[Result "1-0"]
[WhiteElo "1896"]
[BlackElo "1823"]
[PlyCount "97"]
[EventDate "2023.10.19"]
[EventType "swiss (blitz)"]
[EventRounds "11"]
[EventCountry "CRO"]
[SourceTitle "Mega2024 Update 01"]
[Source "Chessbase"]
[SourceDate "2023.11.12"]
[SourceVersion "1"]
[SourceVersionDate "2023.11.12"]
[SourceQuality "1"]

1. d4 d5 2. c4 e6 3. Nc3 Nf6 4. Nf3 c5 5. cxd5 exd5 6. g3 Be7 7. Bg2 0-0 8. 0-0 h6 9. Be3 c4 10. Ne5 Be6 11. b3 Qa5 12. Bd2 Bb4 13. Qc2 Rc8 14. bxc4 Nc6 15. Nxc6 Rxc6 16. c5 b6 17. a3 Bxc3 18. Bxc3 Qa6 19. Bb4 Nd7 20. e4 bxc5 21. exd5 Rcc8 22. dxc5 Bg4 23. h3 Be2 24. Rfc1 Bd3 25. Qd2 Ne5 26. Qf4 f6 27. d6 Rab8 28. Rc3 Rxb4 29. Qxb4 Rb8 30. Qxb8+ Kh7 31. Qb3 Bf5 32. Re3 Nc6 33. Bxc6 Qxc6 34. Qc3 Bxh3 35. f3 Qd7 36. c6 Qxd6 37. Qd3+ Qxd3 38. Rxd3 Bf5 39. Rd7 Kg6 40. Rad1 Bc2 41. c7 Bxd1 42. Rd2 a5 43. Rxd1 a4 44. Rd5 h5 45. Ra5 h4 46. Rxa4 f5 47. Rxh4 Kg5 48. c8Q Kg6 49. f4 1-0

[Event "Hvar Arsenal blitz op 2nd"]
[Site "Hvar"]
[Date "2023.10.19"]
[Round "11"]
[White "Petricevic, Mateo"]
[Black "Zuo, Yifan"]
[Result "1-0"]
[WhiteElo "1896"]
[BlackElo "2277"]
[PlyCount "65"]
[EventDate "2023.10.19"]
[EventType "swiss (blitz)"]
[EventRounds "11"]
[EventCountry "CRO"]
[SourceTitle "Mega2024 Update 01"]
[Source "Chessbase"]
[SourceDate "2023.11.12"]
[SourceVersion "1"]
[SourceVersionDate "2023.11.12"]
[SourceQuality "1"]

1. d4 Nf6 2. c4 e6 3. Nc3 Bb4 4. e3 b6 5. Nge2 Bb7 6. a3 Bxc3+ 7. Nxc3 d5 8. Be2 dxc4 9. Bxc4 0-0 10. 0-0 Nbd7 11. b4 c5 12. dxc5 bxc5 13. b5 Nb6 14. Qb3 Ng4 15. Be2 Ne5 16. Bb2 Qg5 17. e4 Qf4 18. Bc1 Qf6 19. f4 Ng6 20. Be3 c4 21. Qb4 Rfc8 22. a4 Qe7 23. Qxe7 Nxe7 24. a5 Nbd5 25. exd5 Bxd5 26. b6 Nf5 27. Bf2 axb6 28. axb6 Rab8 29. Rfb1 Nd6 30. Nxd5 exd5 31. Bf3 Ne4 32. Bxe4 dxe4 33. b7 1-0

[Event "Varazdin Spancir op 1st"]
[Site "Varazdin"]
[Date "2023.08.26"]
[Round "4"]
[White "Vucic, Mate"]
[Black "Petricevic, Mateo"]
[Result "0-1"]
[WhiteElo "1778"]
[BlackElo "1924"]
[PlyCount "86"]
[EventDate "2023.08.24"]
[EventType "swiss"]
[EventRounds "7"]
[EventCountry "CRO"]
[SourceTitle "EXT 2024"]
[Source "ChessBase"]
[SourceDate "2023.10.10"]
[SourceVersion "1"]
[SourceVersionDate "2023.10.10"]
[SourceQuality "1"]

1. e4 e6 2. d4 d5 3. Nc3 dxe4 4. Nxe4 Nd7 5. Nf3 Ngf6 6. Nxf6+ Nxf6 7. Be3 Be7 8. Bd3 0-0 9. Qe2 b6 10. 0-0-0 Bb7 11. h4 Be4 12. Kb1 Bxd3 13. Qxd3 Qd5 14. c4 Qe4 15. Qxe4 Nxe4 16. Ne5 Bf6 17. f3 Ng3 18. Nd7 Nxh1 19. Nxf8 Rxf8 20. Rxh1 Rd8 21. Rd1 Bxh4 22. Kc2 Bf6 23. b4 c6 24. a4 e5 25. d5 cxd5 26. Rxd5 Rxd5 27. cxd5 Kf8 28. Kd3 Ke7 29. b5 Kd6 30. Kc4 h5 31. Bd2 Be7 32. Bb4+ Kd7 33. Bc3 f6 34. Kd3 Bc5 35. Be1 f5 36. Bg3 Kd6 37. Kc4 g5 38. Be1 g4 39. fxg4 hxg4 40. a5 f4 41. Bh4 f3 42. gxf3 gxf3 43. axb6 axb6 0-1

[Event "Hvar Arsenal op"]
[Site "Hvar"]
[Date "2022.10.12"]
[Round "7"]
[White "Petricevic, Mateo"]
[Black "Plenkovic, Zdenko"]
[Result "1/2-1/2"]
[WhiteElo "1876"]
[BlackElo "2367"]
[PlyCount "89"]
[EventDate "2022.10.08"]
[EventType "swiss"]
[EventRounds "9"]
[EventCountry "CRO"]
[SourceTitle "CBM 210 Extra"]
[Source "ChessBase"]
[SourceDate "2022.11.30"]
[SourceVersion "1"]
[SourceVersionDate "2022.11.30"]
[SourceQuality "1"]

1. d4 g6 2. c4 Bg7 3. Nc3 d6 4. e4 Nd7 5. h4 e5 6. d5 Ngf6 7. Be2 Nc5 8. Qc2 a5 9. h5 Nfd7 10. Bd2 Nb6 11. 0-0-0 Bd7 12. Rf1 c6 13. hxg6 hxg6 14. Rxh8+ Bxh8 15. f4 cxd5 16. cxd5 exf4 17. Bxf4 Rc8 18. Rf3 Nca4 19. Nh3 Nxb2 20. Ng5 N2a4 21. Nxf7 Kxf7 22. Bg5+ Bf6 23. Bxf6 Qxf6 24. Rxf6+ Kxf6 25. Kd2 Rxc3 26. Qd1 Ra3 27. Qh1 Kg7 28. Qh4 Nc8 29. Qd8 Nc5 30. e5 dxe5 31. Qc7 Rxa2+ 32. Ke1 b6 33. Qxe5+ Kf7 34. g4 Ra4 35. g5 Ne4 36. Bd3 Ncd6 37. Kd1 Bf5 38. Bxe4 Nxe4 39. Qc7+ Ke8 40. Qc6+ Ke7 41. Qc7+ Bd7 42. Qe5+ Kf7 43. Qf4+ Kg8 44. Qb8+ Kh7 45. Qh2+ 1/2-1/2

[Event "Hvar Arsenal blitz op"]
[Site "Hvar"]
[Date "2022.10.11"]
[Round "8"]
[White "Arnold, Jan1111"]
[Black "Petricevic, Mateo"]
[Result "0-1"]
[WhiteElo "1772"]
[BlackElo "1921"]
[PlyCount "58"]
[EventDate "2022.10.11"]
[EventType "swiss (blitz)"]
[EventRounds "11"]
[EventCountry "CRO"]
[SourceTitle "CBM 210 Extra"]
[Source "ChessBase"]
[SourceDate "2022.11.30"]
[SourceVersion "1"]
[SourceVersionDate "2022.11.30"]
[SourceQuality "1"]

1. e4 d5 2. e5 Bf5 3. d4 e6 4. Bd3 Bxd3 5. Qxd3 c5 6. c3 Nc6 7. Nf3 cxd4 8. cxd4 Nge7 9. Bg5 Qb6 10. Nc3 Nf5 11. Be3 Bb4 12. 0-0 0-0 13. a3 Bxc3 14. Qxc3 Rac8 15. Qd2 Na5 16. b4 Nb3 17. Qb2 Nxa1 18. Rxa1 Rc6 19. b5 Rc7 20. a4 a6 21. g4 Nxe3 22. fxe3 Rfc8 23. Ne1 Rc3 24. Kf2 Qd8 25. Kf3 Qg5 26. Ng2 h5 27. h3 hxg4+ 28. hxg4 Qg6 29. Qf2 Rc2 0-1

[Event "Hvar Arsenal blitz op"]
[Site "Hvar"]
[Date "2022.10.11"]
[Round "6"]
[White "Golubovic, Boris"]
[Black "Petricevic, Mateo"]
[Result "1-0"]
[WhiteElo "2313"]
[BlackElo "1921"]
[PlyCount "47"]
[EventDate "2022.10.11"]
[EventType "swiss (blitz)"]
[EventRounds "11"]
[EventCountry "CRO"]
[SourceTitle "CBM 210 Extra"]
[Source "ChessBase"]
[SourceDate "2022.11.30"]
[SourceVersion "1"]
[SourceVersionDate "2022.11.30"]
[SourceQuality "1"]

1. d4 d5 2. Nc3 Nf6 3. Bf4 c6 4. e3 Bf5 5. Nf3 e6 6. Ne5 Nbd7 7. g4 Bg6 8. h4 h6 9. Nxg6 fxg6 10. Bd3 Kf7 11. Qf3 Bb4 12. Ke2 Bxc3 13. bxc3 Qe8 14. g5 Nh5 15. gxh6 gxh6 16. Be5+ Nhf6 17. Rag1 Rg8 18. h5 Ke7 19. hxg6 Nxe5 20. dxe5 Ne4 21. Bxe4 dxe4 22. Qxe4 Qf8 23. Qb4+ Kd7 24. Qxb7+ 1-0

[Event "Hvar Arsenal blitz op"]
[Site "Hvar"]
[Date "2022.10.11"]
[Round "5"]
[White "Petricevic, Mateo"]
[Black "Golubovic, Erik"]
[Result "1-0"]
[WhiteElo "1921"]
[BlackElo "1669"]
[PlyCount "85"]
[EventDate "2022.10.11"]
[EventType "swiss (blitz)"]
[EventRounds "11"]
[EventCountry "CRO"]
[SourceTitle "CBM 210 Extra"]
[Source "ChessBase"]
[SourceDate "2022.11.30"]
[SourceVersion "1"]
[SourceVersionDate "2022.11.30"]
[SourceQuality "1"]

1. d4 d5 2. c4 e6 3. Nc3 c5 4. e3 Nc6 5. Nf3 Nf6 6. a3 cxd4 7. exd4 Be7 8. Bf4 0-0 9. Be2 dxc4 10. Bxc4 b6 11. d5 exd5 12. Nxd5 Nxd5 13. Bxd5 Bb7 14. 0-0 Bf6 15. Rc1 Rc8 16. Rc2 Na5 17. Rxc8 Qxc8 18. Bxb7 Qxb7 19. b4 Nc6 20. Qb3 Nd4 21. Nxd4 Bxd4 22. Rd1 Bf6 23. h3 g6 24. Rc1 Rc8 25. Rxc8+ Qxc8 26. Qf3 Bg7 27. g4 a5 28. bxa5 bxa5 29. Qd5 Bc3 30. Bh6 Qb8 31. Qd3 Bg7 32. Be3 Qa8 33. Qb5 Bf8 34. a4 Bb4 35. Bb6 Kg7 36. Qe5+ Kg8 37. Qb5 Kg7 38. Qc4 Kg8 39. Qb5 Kg7 40. Bd4+ Kg8 41. Qe5 Kf8 42. Qh8+ Ke7 43. Qxa8 1-0

[Event "Hvar Arsenal blitz op"]
[Site "Hvar"]
[Date "2022.10.11"]
[Round "2"]
[White "Zenelaj, Samuel"]
[Black "Petricevic, Mateo"]
[Result "1-0"]
[WhiteElo "2202"]
[BlackElo "1921"]
[PlyCount "65"]
[EventDate "2022.10.11"]
[EventType "swiss (blitz)"]
[EventRounds "11"]
[EventCountry "CRO"]
[SourceTitle "CBM 210 Extra"]
[Source "ChessBase"]
[SourceDate "2022.11.30"]
[SourceVersion "1"]
[SourceVersionDate "2022.11.30"]
[SourceQuality "1"]

1. e4 e6 2. d4 d5 3. Nd2 dxe4 4. Nxe4 Nd7 5. g3 Ngf6 6. Nxf6+ Nxf6 7. Bg2 c5 8. Nf3 cxd4 9. Qxd4 Qxd4 10. Nxd4 a6 11. 0-0 Bc5 12. Nb3 Bd6 13. Be3 Nd5 14. Bd4 0-0 15. c4 Nb4 16. Bc3 Nc6 17. Rfd1 Be5 18. Bxc6 Bxc3 19. Bxb7 Bxb7 20. bxc3 Rac8 21. Rd7 Be4 22. Rd4 Bc2 23. Rc1 Bf5 24. c5 Rfd8 25. Rcd1 Rxd4 26. cxd4 Bc2 27. Rc1 Bd3 28. Rc3 Bb5 29. Nd2 f5 30. Nf3 Kf8 31. Ne5 Ke7 32. Rc2 Rd8 33. Rd2 1-0

[Event "CRO-ch U17/19"]
[Site "Split"]
[Date "2022.07.31"]
[Round "9"]
[White "Levacic, Matej"]
[Black "Petricevic, Mateo"]
[Result "0-1"]
[WhiteElo "2015"]
[BlackElo "1869"]
[PlyCount "54"]
[EventDate "2022.07.25"]
[EventType "swiss"]
[EventRounds "9"]
[EventCountry "CRO"]
[SourceTitle "EXT 2023"]
[Source "ChessBase"]
[SourceDate "2022.10.05"]
[SourceVersion "1"]
[SourceVersionDate "2022.10.05"]
[SourceQuality "1"]

1. d4 d5 2. Nf3 Nf6 3. Bf4 c5 4. e3 Nc6 5. Nbd2 Bf5 6. Bb5 e6 7. Ne5 Qb6 8. c4 a6 9. Qa4 Rc8 10. Bxc6+ bxc6 11. 0-0 Ne4 12. Nb3 f6 13. f3 fxe5 14. fxe4 exf4 15. exf5 fxe3 16. fxe6 cxd4 17. cxd5 d3 18. Qf4 e2+ 19. Rf2 Qc7 20. Qd2 c5 21. Rc1 c4 22. Qe3 Bc5 23. Nd4 Rf8 24. Rxf8+ Kxf8 25. e7+ Qxe7 26. Kf2 Qxe3+ 27. Kxe3 Bxd4+ 0-1

[Event "CRO-chT U18"]
[Site "Cakovec"]
[Date "2019.12.28"]
[Round "3.2"]
[White "Petricevic, Mateo"]
[Black "Dumancic, Simun"]
[Result "0-1"]
[WhiteElo "1759"]
[BlackElo "1885"]
[PlyCount "94"]
[EventDate "2019.12.27"]
[EventType "team-tourn"]
[EventRounds "7"]
[EventCountry "CRO"]
[SourceTitle "CBM 194 Extra"]
[Source "ChessBase"]
[SourceDate "2020.03.31"]
[SourceVersion "1"]
[SourceVersionDate "2020.03.31"]
[SourceQuality "1"]

1. d4 Nf6 2. c4 g6 3. Nc3 d5 4. Bf4 Bg7 5. e3 e6 6. Nf3 0-0 7. Rc1 c6 8. Be2 Nbd7 9. 0-0 h6 10. h3 a5 11. Ne5 Nxe5 12. Bxe5 Nd7 13. Bxg7 Kxg7 14. f4 f5 15. Qe1 Qe7 16. c5 b6 17. Na4 b5 18. Nc3 b4 19. Nb1 Ba6 20. Bxa6 Rxa6 21. Nd2 Nf6 22. Nf3 Raa8 23. Qh4 Qe8 24. Ne5 Ne4 25. g4 a4 26. Kh2 Kh7 27. Rg1 Rg8 28. gxf5 exf5 29. Rg2 Ra7 30. Rcg1 Rag7 31. Qe1 b3 32. axb3 axb3 33. Qb4 g5 34. fxg5 hxg5 35. Qe1 Qh5 36. Rf1 g4 37. h4 g3+ 38. Kg1 Nf2 39. Qb1 Qxh4 40. Qxf5+ Kh8 41. Rfxf2 gxf2+ 42. Kf1 Qh1+ 43. Ke2 f1Q+ 44. Qxf1 Rxg2+ 45. Ke1 Rg1 46. Nf7+ Kg7 47. Ng5 Rxf1+ 0-1

[Event "Hvar op U16 3rd"]
[Site "Hvar"]
[Date "2019.10.07"]
[Round "5"]
[White "Matosin, Jurica"]
[Black "Petricevic, Mateo"]
[Result "0-1"]
[WhiteElo "1587"]
[BlackElo "1649"]
[PlyCount "184"]
[EventDate "2019.10.05"]
[EventType "swiss"]
[EventRounds "6"]
[EventCountry "CRO"]
[SourceTitle "CBM 193 Extra"]
[Source "ChessBase"]
[SourceDate "2020.01.31"]
[SourceVersion "1"]
[SourceVersionDate "2020.01.31"]
[SourceQuality "1"]

1. d4 d5 2. c4 e6 3. Nc3 Be7 4. cxd5 exd5 5. Bf4 c6 6. e3 Bf5 7. Bd3 Bxd3 8. Qxd3 Nf6 9. Nf3 h6 10. Rb1 a5 11. h3 Nbd7 12. 0-0 0-0 13. Rfc1 Nb6 14. Ne5 Nfd7 15. Qe2 Nxe5 16. Bxe5 Bd6 17. Bxd6 Qxd6 18. Qg4 Rfe8 19. Ne2 Nc4 20. Ng3 Nd2 21. Ra1 Ne4 22. Nh5 Qg6 23. Qxg6 fxg6 24. Nf4 Kf7 25. Nd3 g5 26. Nc5 Nxc5 27. Rxc5 Re4 28. Rac1 Ke7 29. R1c3 Kd6 30. Ra3 b6 31. Rc1 c5 32. dxc5+ bxc5 33. Rd3 Rb8 34. b3 Rbe8 35. Rcd1 R4e5 36. Kh2 Kc6 37. Rc3 Kb5 38. Rdc1 Rc8 39. a4+ Kb6 40. Rd3 Rd8 41. Rdc3 Rc8 42. Rd3 Kc6 43. Rdc3 Kd6 44. Rd3 g6 45. Rcd1 Rb8 46. Rc3 Rb4 47. Rdc1 d4 48. exd4 Rxd4 49. R1c2 Rd1 50. f3 Red5 51. Kg3 R1d3 52. Kf2 Rxc3 53. Rxc3 Rd2+ 54. Kg3 Kd5 55. Kh2 Rb2 56. Kg1 Rd2 57. Kf1 Kd4 58. Rc4+ Kd5 59. Rc3 Rb2 60. Kg1 h5 61. Rd3+ Ke5 62. Rc3 Kd5 63. Rd3+ Kc6 64. Re3 Kd5 65. Rd3+ Ke5 66. Rc3 Kd4 67. Rc4+ Kd5 68. Rc3 Rd2 69. Kh2 Rd4 70. Kg3 Rb4 71. Rd3+ Ke5 72. Kf2 c4 73. bxc4 Rxc4 74. Ra3 Rc2+ 75. Ke3 Rxg2 76. Rb3 Rg3 77. Rb5+ Kf6 78. Kf2 Rxh3 79. Kg2 Rh4 80. Rxa5 Rc4 81. Ra8 g4 82. f4 Kf5 83. Rf8+ Ke4 84. Rf6 Rxa4 85. Rxg6 Kxf4 86. Rg8 Ra2+ 87. Kf1 Kg3 88. Rb8 Ra3 89. Rb2 h4 90. Rg2+ Kh3 91. Rb2 Ra1+ 92. Kf2 g3+ 0-1

[Event "Hvar op U16 3rd"]
[Site "Hvar"]
[Date "2019.10.06"]
[Round "2"]
[White "Petricevic, Mateo"]
[Black "Levacic, Matej"]
[Result "1/2-1/2"]
[WhiteElo "1649"]
[BlackElo "1895"]
[PlyCount "97"]
[EventDate "2019.10.05"]
[EventType "swiss"]
[EventRounds "6"]
[EventCountry "CRO"]
[SourceTitle "CBM 193 Extra"]
[Source "ChessBase"]
[SourceDate "2020.01.31"]
[SourceVersion "1"]
[SourceVersionDate "2020.01.31"]
[SourceQuality "1"]

1. d4 Nf6 2. c4 e6 3. Nc3 Bb4 4. Bd2 0-0 5. a3 Bxc3 6. Bxc3 b6 7. Nf3 Bb7 8. e3 Ne4 9. Qc2 d6 10. Bd3 f5 11. h4 Nd7 12. 0-0-0 Qe7 13. Rdg1 e5 14. Qe2 Nxc3 15. bxc3 e4 16. Bc2 exf3 17. gxf3 d5 18. Kb2 Ba6 19. Bd3 Qf7 20. Rg2 Bxc4 21. Bxc4 dxc4 22. Rhg1 b5 23. f4 Nf6 24. Rxg7+ Qxg7 25. Rxg7+ Kxg7 26. Qf3 Ne4 27. Qg2+ Kh8 28. f3 Rg8 29. Qh3 Nd6 30. h5 h6 31. a4 bxa4 32. Qh4 Rab8+ 33. Ka3 Rb3+ 34. Kxa4 Rxc3 35. Qf6+ Kh7 36. e4 Rxf3 37. e5 Rxf4 38. exd6 cxd6 39. Qxd6 Rf2 40. Qc7+ Rg7 41. Qxc4 Rh2 42. Qe6 Rxh5 43. d5 Rh4+ 44. Ka5 f4 45. Qe4+ Kg8 46. Qe8+ Kh7 47. Qe4+ Kh8 48. Qe8+ Kh7 49. Qe4+ 1/2-1/2

[Event "CRO-ch U15"]
[Site "Trogir"]
[Date "2019.06.21"]
[Round "7"]
[White "Petricevic, Mateo"]
[Black "Mijic, Karlo"]
[Result "1-0"]
[WhiteElo "1670"]
[BlackElo "1486"]
[PlyCount "87"]
[EventDate "2019.06.17"]
[EventType "swiss"]
[EventRounds "9"]
[EventCountry "CRO"]
[SourceTitle "EXT 2020"]
[Source "ChessBase"]
[SourceDate "2019.10.17"]
[SourceVersion "1"]
[SourceVersionDate "2019.10.17"]
[SourceQuality "1"]

1. Nf3 d5 2. d4 Nf6 3. c4 e6 4. a3 Be7 5. Nc3 0-0 6. Bf4 b6 7. cxd5 exd5 8. e3 Nbd7 9. Bd3 Re8 10. Nb5 Bd6 11. Nxd6 cxd6 12. Bxd6 Bb7 13. 0-0 Ne4 14. Bf4 Ndf6 15. h3 h6 16. Rc1 Rc8 17. Qe2 Re6 18. Ne5 Nd7 19. f3 Nef6 20. Nxd7 Nxd7 21. Rc2 Qe8 22. Rxc8 Bxc8 23. Re1 Nf8 24. Bg3 Ng6 25. Bf5 Re7 26. Bxg6 fxg6 27. Be5 Bb7 28. Qc2 Re6 29. Rc1 Rc6 30. Qd2 Rxc1+ 31. Qxc1 Qc6 32. Qd2 Kh7 33. Kf2 Qc4 34. Qe2 g5 35. Qxc4 dxc4 36. e4 b5 37. d5 Kg6 38. Ke3 Kf7 39. Kd4 g6 40. Kc5 a6 41. Kb6 a5 42. Kxb7 b4 43. axb4 axb4 44. Kc6 1-0

[Event "CRO-ch U15"]
[Site "Trogir"]
[Date "2019.06.20"]
[Round "6"]
[White "Jurakic, Lukas"]
[Black "Petricevic, Mateo"]
[Result "1-0"]
[WhiteElo "2030"]
[BlackElo "1670"]
[PlyCount "87"]
[EventDate "2019.06.17"]
[EventType "swiss"]
[EventRounds "9"]
[EventCountry "CRO"]
[SourceTitle "EXT 2020"]
[Source "ChessBase"]
[SourceDate "2019.10.17"]
[SourceVersion "1"]
[SourceVersionDate "2019.10.17"]
[SourceQuality "1"]

1. e4 e6 2. d4 d5 3. Nc3 Nf6 4. Bg5 Be7 5. e5 Nfd7 6. h4 h6 7. Bxe7 Qxe7 8. Qg4 Rg8 9. 0-0-0 b6 10. Bd3 g6 11. h5 g5 12. f4 Ba6 13. Bxa6 Nxa6 14. Nh3 0-0-0 15. fxg5 hxg5 16. Qe2 Kb7 17. g4 c6 18. Rhf1 Rdf8 19. Rd3 f5 20. exf6 Nxf6 21. Re3 Nc7 22. Re5 Nh7 23. Rxf8 Rxf8 24. Nb1 c5 25. Nd2 c4 26. c3 Qf6 27. Qe3 Rg8 28. Kd1 Kc6 29. Ke2 Kd7 30. Nf3 Rf8 31. Nhxg5 Nxg5 32. Rxg5 Ke8 33. Rf5 Qg7 34. Rxf8+ Kxf8 35. Qf4+ Kg8 36. Ne5 Ne8 37. Kf3 Kh7 38. g5 Qe7 39. h6 Nd6 40. g6+ Kg8 41. h7+ Kh8 42. Nf7+ Nxf7 43. Qxf7 Qd8 44. g7+ 1-0

[Event "CRO-ch U15"]
[Site "Trogir"]
[Date "2019.06.18"]
[Round "3"]
[White "Topalic, Fran"]
[Black "Petricevic, Mateo"]
[Result "1/2-1/2"]
[WhiteElo "1670"]
[BlackElo "1670"]
[PlyCount "99"]
[EventDate "2019.06.17"]
[EventType "swiss"]
[EventRounds "9"]
[EventCountry "CRO"]
[SourceTitle "EXT 2020"]
[Source "ChessBase"]
[SourceDate "2019.10.17"]
[SourceVersion "1"]
[SourceVersionDate "2019.10.17"]
[SourceQuality "1"]

1. c4 e6 2. d4 d5 3. Nf3 Nf6 4. Nc3 Be7 5. e3 0-0 6. b3 b6 7. g3 Bb7 8. Bg2 dxc4 9. bxc4 c5 10. 0-0 Nbd7 11. d5 exd5 12. cxd5 Bd6 13. Nb5 Ne5 14. Bb2 Nxf3+ 15. Bxf3 a6 16. Bxf6 Qxf6 17. Nxd6 Qxd6 18. e4 c4 19. Qd4 Rac8 20. e5 Qc5 21. Qe4 Rfd8 22. Rfd1 c3 23. Rac1 b5 24. e6 fxe6 25. Qxe6+ Kh8 26. Be4 Rf8 27. Rc2 Rce8 28. Qg4 Qc4 29. f3 Bc8 30. Qh5 Rxe4 31. fxe4 Qxe4 32. Qe2 Qxe2 33. Rxe2 Bg4 34. Ree1 Bxd1 35. Rxd1 Rd8 36. Kf2 Kg8 37. Ke3 c2 38. Rc1 Rxd5 39. Rxc2 Kf7 40. Ke4 Rd6 41. Ke5 Rf6 42. Kd5 Kg6 43. Ke5 Rf5+ 44. Ke4 Rf6 45. Ke5 h5 46. Ke4 Kg5 47. Ke3 Kg4 48. a4 b4 49. Rc4+ Kh3 50. Rxb4 1/2-1/2